[Event "Barcelona La Lira op 34th"]
[Site "Barcelona"]
[Date "2016.02.26"]
[Round "7"]
[White "Costa Trave, Jaume"]
[Black "Perolet Perez, Miquel"]
[Result "1-0"]
[WhiteElo "1939"]
[BlackElo "1695"]
[PlyCount "97"]
[EventDate "2016.01.15"]
[EventType "swiss"]
[EventRounds "8"]
[EventCountry "ESP"]
[SourceTitle "EXT 2017"]
[Source "ChessBase"]
[SourceDate "2016.10.25"]
[SourceVersion "1"]
[SourceVersionDate "2016.10.25"]
[SourceQuality "1"]

1. f4 d6 2. Nf3 Nc6 3. e4 Bg4 4. d4 e5 5. c3 Nf6 6. fxe5 Bxf3 7. Qxf3 dxe5 8. d5 Nb8 9. Bg5 Be7 10. Nd2 h6 11. Bh4 a6 12. Be2 b5 13. 0-0 Qd6 14. Nb3 Nbd7 15. Rac1 Nc5 16. Nxc5 Qxc5+ 17. Bf2 Qd6 18. c4 bxc4 19. Rxc4 0-0 20. Rc6 Qb4 21. b3 Bd6 22. Bc4 a5 23. a4 Qb8 24. Be3 Qd8 25. Bxh6 gxh6 26. Qxf6 Qxf6 27. Rxf6 Kg7 28. Rf3 Rfb8 29. Bb5 Rf8 30. Rc1 Rab8 31. Rcf1 Be7 32. Rg3+ Kh7 33. Rf5 f6 34. Rh5 Rg8 35. Rgh3 Rg6 36. Bd7 Bf8 37. Bf5 Bc5+ 38. Kf1 Kg7 39. Bxg6 Kxg6 40. Rxh6+ Kg5 41. Rh7 Rb4 42. Rxc7 Bf8 43. Rc4 Rb7 44. Rf3 Be7 45. g3 Kg4 46. Kg2 Bb4 47. Rf5 Rh7 48. Rc7 Be7 49. Rxe7 1-0

[Event "Barcelona La Lira op 34th"]
[Site "Barcelona"]
[Date "2016.01.29"]
[Round "3"]
[White "Perolet Perez, Miquel"]
[Black "Colom Andres, Xavier"]
[Result "0-1"]
[WhiteElo "1695"]
[BlackElo "1903"]
[PlyCount "94"]
[EventDate "2016.01.15"]
[EventType "swiss"]
[EventRounds "8"]
[EventCountry "ESP"]
[SourceTitle "EXT 2017"]
[Source "ChessBase"]
[SourceDate "2016.10.25"]
[SourceVersion "1"]
[SourceVersionDate "2016.10.25"]
[SourceQuality "1"]

1. d4 f5 2. Nd2 Nf6 3. Ngf3 e6 4. c3 Be7 5. Qc2 d6 6. h3 0-0 7. e4 e5 8. dxe5 Nxe4 9. Nc4 d5 10. Ncd2 c5 11. a3 Nc6 12. Bb5 Bd7 13. Bxc6 Bxc6 14. 0-0 Rc8 15. Rd1 Qe8 16. Nf1 Kh8 17. Bf4 g5 18. Bh2 g4 19. N3d2 gxh3 20. g3 d4 21. Re1 Qh5 22. f4 Rg8 23. Nxe4 Bxe4 24. Rxe4 fxe4 25. Qxe4 d3 26. Kh1 Rcd8 27. Ne3 Qe2 28. e6 d2 29. Rd1 Qe1+ 30. Bg1 Rxg3 31. Qe5+ Kg8 32. Nf1 Qxe5 33. fxe5 Rg2 34. Ne3 Re2 35. Nc2 b6 36. Bh2 Bh4 37. e7 Bxe7 38. Kg1 Bh4 39. Bf4 Rg2+ 40. Kh1 Rf8 41. Bxd2 Rd8 42. Ne3 Rgxd2 43. Rg1+ Kf8 44. Nf5 Be7 45. Rg3 Re2 46. Ne3 Rd3 47. Rf3+ Ke8 0-1

[Event "Barcelona Primavera La Lira op 8th"]
[Site "Barcelona"]
[Date "2015.05.21"]
[Round "7"]
[White "Perolet Perez, Miquel"]
[Black "Martin Arranz, Lluis"]
[Result "1-0"]
[WhiteElo "1695"]
[BlackElo "1768"]
[PlyCount "87"]
[EventDate "2015.04.09"]
[EventType "swiss"]
[EventRounds "9"]
[EventCountry "ESP"]
[SourceTitle "CBM 166 Extra"]
[Source "ChessBase"]
[SourceDate "2015.06.18"]
[SourceVersion "1"]
[SourceVersionDate "2015.06.18"]
[SourceQuality "1"]

1. d4 e6 2. Nf3 b6 3. e4 Bb7 4. Bd3 d5 5. Nbd2 Nf6 6. Qe2 Be7 7. 0-0 Nc6 8. Bb5 a6 9. Bd3 Nb4 10. e5 Nd7 11. c3 Nxd3 12. Qxd3 c5 13. Re1 Rc8 14. Nf1 Rc6 15. Be3 0-0 16. Qd2 f6 17. dxc5 Nxc5 18. Nd4 Rc8 19. Bf4 Qd7 20. Qd1 fxe5 21. Bxe5 Bf6 22. Qh5 Nd3 23. Re2 Nxe5 24. Rxe5 Bxe5 25. Qxe5 Rf6 26. Re1 Re8 27. Nd2 Bc8 28. N2f3 Ref8 29. Qg3 Rg6 30. Qb8 Bb7 31. Qe5 Rff6 32. Qb8+ Qc8 33. Qe5 h6 34. Qe3 Rg4 35. Nd2 Rfg6 36. g3 Qc5 37. Qe5 Bc8 38. Qb8 Kh7 39. Qe5 R4g5 40. Qb8 Bd7 41. N2f3 Rg4 42. Qd8 Qd6 43. Ne5 Re4 44. Nf7 1-0

[Event "Barcelona Primavera La Lira op 8th"]
[Site "Barcelona"]
[Date "2015.05.14"]
[Round "6"]
[White "Serentill Tost, Eduard"]
[Black "Perolet Perez, Miquel"]
[Result "0-1"]
[WhiteElo "1618"]
[BlackElo "1695"]
[PlyCount "74"]
[EventDate "2015.04.09"]
[EventType "swiss"]
[EventRounds "9"]
[EventCountry "ESP"]
[SourceTitle "CBM 166 Extra"]
[Source "ChessBase"]
[SourceDate "2015.06.18"]
[SourceVersion "1"]
[SourceVersionDate "2015.06.18"]
[SourceQuality "1"]

1. e4 e6 2. d4 d5 3. Nc3 Ne7 4. Bg5 c6 5. e5 Qb6 6. Na4 Qa5+ 7. c3 Ng6 8. b4 Qc7 9. Bd3 Be7 10. Be3 Bd7 11. Nf3 b5 12. Nb2 a5 13. a3 Qd8 14. 0-0 0-0 15. Qc2 Be8 16. Nd2 f6 17. f4 axb4 18. cxb4 fxe5 19. fxe5 Rxf1+ 20. Rxf1 Rxa3 21. Nb1 Ra7 22. Qb3 Bg5 23. Bc2 Rf7 24. Nd2 Rxf1+ 25. Nxf1 Nd7 26. Qc3 Ndf8 27. Qd2 Be7 28. Nd3 Qa8 29. Nf4 Nxf4 30. Bxf4 Qa3 31. Ne3 Qxb4 32. Qd1 Qc3 33. Ng4 Ng6 34. Bc1 c5 35. dxc5 Bxc5+ 36. Kf1 b4 37. Bd2 Qd4 0-1

[Event "Barcelona Primavera La Lira op 8th"]
[Site "Barcelona"]
[Date "2015.04.09"]
[Round "1"]
[White "Flores Linan, Josep Luis"]
[Black "Perolet Perez, Miquel"]
[Result "1-0"]
[WhiteElo "1859"]
[BlackElo "1695"]
[PlyCount "69"]
[EventDate "2015.04.09"]
[EventType "swiss"]
[EventRounds "9"]
[EventCountry "ESP"]
[SourceTitle "CBM 166 Extra"]
[Source "ChessBase"]
[SourceDate "2015.06.18"]
[SourceVersion "1"]
[SourceVersionDate "2015.06.18"]
[SourceQuality "1"]

1. d4 d5 2. Bg5 Bf5 3. e3 Nf6 4. Bxf6 exf6 5. Bd3 Bg6 6. Bxg6 hxg6 7. Nf3 g5 8. c4 c6 9. cxd5 Qxd5 10. Nc3 Bb4 11. a3 Bxc3+ 12. bxc3 Nd7 13. Qc2 g4 14. e4 Qh5 15. Nd2 Qg5 16. Rb1 g3 17. Nf3 gxf2+ 18. Qxf2 Qa5 19. 0-0 Qc7 20. e5 0-0-0 21. Qg3 Qa5 22. Nd2 fxe5 23. Nc4 Qd5 24. Nxe5 Nxe5 25. dxe5 Rh6 26. Qg4+ Kb8 27. Qd4 Kc7 28. Qxd5 cxd5 29. Rxf7+ Kc6 30. Rbxb7 d4 31. Rfc7+ Kd5 32. cxd4 Ke4 33. Rxg7 Rc6 34. Rg4+ Kd5 35. h3 1-0

[Event "Barcelona Tres Peons op 16th"]
[Site "Barcelona"]
[Date "2015.01.16"]
[Round "1"]
[White "Perolet Perez, Miquel"]
[Black "Capellades Subirana, Marc"]
[Result "0-1"]
[WhiteElo "1889"]
[BlackElo "2290"]
[PlyCount "62"]
[EventDate "2015.01.16"]
[EventType "swiss"]
[EventRounds "9"]
[EventCountry "ESP"]
[SourceTitle "EXT 2016"]
[Source "ChessBase"]
[SourceDate "2015.10.08"]
[SourceVersion "1"]
[SourceVersionDate "2015.10.08"]
[SourceQuality "1"]

1. d4 Nf6 2. Nf3 e6 3. Nbd2 d5 4. c3 Bd6 5. Qc2 0-0 6. e4 dxe4 7. Nxe4 Nxe4 8. Qxe4 f5 9. Qc2 Nc6 10. Bg5 Qe8 11. Bd2 e5 12. Bc4+ Kh8 13. 0-0-0 e4 14. Rde1 Be6 15. Bxe6 Qxe6 16. Kb1 h6 17. h4 Qg6 18. h5 Qg4 19. Nh4 Qxh5 20. g3 Rf6 21. Qb3 Qf7 22. Qd1 Kg8 23. g4 fxg4 24. Rxe4 h5 25. Be3 Ne7 26. Qc2 Nd5 27. Qb3 Nxe3 28. Qxf7+ Kxf7 29. fxe3 Rf2 30. Rg1 a5 31. Ng2 Bh2 0-1

[Event "Barcelona Tres Peons op-B 15th"]
[Site "Barcelona"]
[Date "2013.03.08"]
[Round "9"]
[White "Serentill Tost, Eduard"]
[Black "Perolet Perez, Miquel"]
[Result "0-1"]
[WhiteElo "1669"]
[BlackElo "1643"]
[PlyCount "110"]
[EventDate "2013.01.11"]
[EventType "swiss"]
[EventRounds "9"]
[EventCountry "ESP"]
[SourceTitle "EXT 2014"]
[Source "ChessBase"]
[SourceDate "2013.11.20"]
[SourceVersion "1"]
[SourceVersionDate "2013.11.20"]
[SourceQuality "1"]

1. e4 e6 2. d4 d5 3. Nc3 dxe4 4. Nxe4 Nf6 5. Bd3 c6 6. Bg5 Nbd7 7. Nf3 Qb6 8. b3 Nxe4 9. Bxe4 Bb4+ 10. Bd2 Nf6 11. Bd3 0-0 12. c3 Bd6 13. 0-0 Qc7 14. h3 e5 15. dxe5 Bxe5 16. Nxe5 Qxe5 17. Re1 Qd5 18. Re3 Bf5 19. Qc2 Rad8 20. Bxf5 Qxd2 21. Rae1 g6 22. Qxd2 Rxd2 23. Bb1 Rfd8 24. Kf1 Nd5 25. Rf3 Kg7 26. Re2 Nf6 27. Bc2 b5 28. b4 R8d7 29. Bb3 R2d6 30. Rfe3 Nd5 31. Bxd5 Rxd5 32. f3 Kf6 33. Kf2 h5 34. g3 Rd1 35. Re1 R1d2+ 36. R1e2 R2d6 37. h4 a6 38. f4 Rd3 39. Rxd3 Rxd3 40. Re3 Rd1 41. Ke2 Ra1 42. Kd3 Rxa2 43. Kd4 a5 44. bxa5 Rxa5 45. Kc5 Ra3 46. Kb4 Ra4+ 47. Kb3 Rc4 48. Ka3 Rc5 49. Kb4 Rc4+ 50. Ka5 Kf5 51. Kb6 f6 52. Kc7 c5 53. Kb6 b4 54. cxb4 cxb4 55. Kb5 Rd4 0-1

[Event "Barcelona Tres Peons op-B 15th"]
[Site "Barcelona"]
[Date "2013.01.11"]
[Round "1"]
[White "Perolet Perez, Miquel"]
[Black "Vargas Drechsler, Carlos"]
[Result "1-0"]
[WhiteElo "1643"]
[BlackElo "1841"]
[PlyCount "87"]
[EventDate "2013.01.11"]
[EventType "swiss"]
[EventRounds "9"]
[EventCountry "ESP"]
[SourceTitle "EXT 2014"]
[Source "ChessBase"]
[SourceDate "2013.11.20"]
[SourceVersion "1"]
[SourceVersionDate "2013.11.20"]
[SourceQuality "1"]

1. d4 e5 2. dxe5 Nc6 3. Nf3 Qe7 4. c3 Nxe5 5. Nxe5 Qxe5 6. Qd4 Qxd4 7. cxd4 Bb4+ 8. Bd2 Bxd2+ 9. Nxd2 d5 10. e3 Nf6 11. Bd3 Bg4 12. 0-0 0-0-0 13. b4 Bh5 14. Rfc1 Bg6 15. Bf1 Ne4 16. Nxe4 Bxe4 17. f3 Bg6 18. Kf2 Rhe8 19. Rc3 Rd6 20. Rac1 Re7 21. g4 h5 22. g5 f6 23. Bh3+ Kd8 24. gxf6 Rxf6 25. Rg1 Ref7 26. f4 Be4 27. Bg2 Rg6 28. Bxe4 Rxg1 29. Bxd5 Rd7 30. Kxg1 Rxd5 31. Kf2 Rd6 32. Kf3 Kd7 33. Ke4 Re6+ 34. Kf3 h4 35. Kg4 Rh6 36. e4 Re6 37. Re3 Rb6 38. a3 Rd6 39. d5 Rh6 40. e5 c6 41. d6 Kd8 42. f5 Rh8 43. Rd3 c5 44. bxc5 1-0

[Event "Barcelona Primavera La Lira op 4th"]
[Site "Barcelona"]
[Date "2011.05.19"]
[Round "7"]
[White "Lopez Marti, Ignacio"]
[Black "Perolet Perez, Miquel"]
[Result "1-0"]
[WhiteElo "1945"]
[BlackElo "1736"]
[PlyCount "77"]
[EventDate "2011.03.31"]
[EventType "swiss"]
[EventRounds "9"]
[EventCountry "ESP"]
[SourceTitle "EXT 2012"]
[Source "ChessBase"]
[SourceDate "2011.11.24"]
[SourceVersion "1"]
[SourceVersionDate "2011.11.24"]
[SourceQuality "1"]

1. e4 e6 2. d4 b6 3. Nf3 Bb7 4. Bd3 Nc6 5. a3 Nce7 6. 0-0 Ng6 7. Re1 Be7 8. Nc3 c6 9. Ne2 Qc7 10. Ng3 h5 11. Ng5 Nf4 12. Bxf4 Qxf4 13. Nh3 Qc7 14. c4 g6 15. b4 Bf6 16. e5 Bg7 17. f4 d6 18. Ne4 0-0-0 19. Nxd6+ Rxd6 20. exd6 Qxd6 21. Kh1 Qxd4 22. Ra2 Nh6 23. Rd2 Rd8 24. Ree2 Qf6 25. Be4 Ng4 26. b5 Rxd2 27. Rxd2 Ne3 28. Qf3 Qa1+ 29. Ng1 Bd4 30. Bxc6 Ng4 31. Bxb7+ Kb8 32. Rxd4 Qxd4 33. h3 Nf2+ 34. Kh2 f5 35. Ne2 Qc5 36. Qc6 Qxc6 37. Bxc6 Nd3 38. Be8 e5 39. Bxg6 1-0